Let us C (Record no. 3715)

MARC details
000 -LEADER
fixed length control field 00429nam a22001817a 4500
005 - DATE AND TIME OF LATEST TRANSACTION
control field 20180203170402.0
008 - FIXED-LENGTH DATA ELEMENTS--GENERAL INFORMATION
fixed length control field 160623b xxu||||| |||| 00| 0 eng d
020 ## - INTERNATIONAL STANDARD BOOK NUMBER
ISBN 978-81-8333-163-7
041 ## - LANGUAGE CODE
Language code of text/sound track or separate title eng
082 ## - DEWEY DECIMAL CLASSIFICATION NUMBER
Item number 9420
Classification number 005.133
100 ## - MAIN ENTRY--AUTHOR NAME
Personal name Kanetkar, Yashavant
245 ## - TITLE STATEMENT
Title Let us C
250 ## - EDITION STATEMENT
Edition statement 9th ed.
260 ## - PUBLICATION, DISTRIBUTION, ETC. (IMPRINT)
Name of publisher BPB
Place of publication new delhi
Year of publication 2009
300 ## - PHYSICAL DESCRIPTION
Number of Pages 621
650 ## - SUBJECT ADDED ENTRY--TOPICAL TERM
Topical Term Information Technology
942 ## - ADDED ENTRY ELEMENTS (KOHA)
Koha item type Books
Holdings
Lost status Damaged status Home library Shelving location Date acquired Cost, normal purchase price Full call number Accession Number Koha item type Collection code Current library Source of acquisition
    JRU Library SHELF-3-F 23/06/2016 258.00 9420 9420 Books      
    JRU Library SHELF-54-C 23/06/2016 258.00 005.133 9421 Books CS/IT JRU Library PURCHASE
    JRU Library SHELF-54-C 23/06/2016 258.00 005.133 9422 Books CS/IT JRU Library PURCHASE
    JRU Library SHELF-54-C 23/06/2016 258.00 005.133 9423 Books CS/IT JRU Library  
    JRU Library SHELF-54-C 23/06/2016 258.00 005.133 9424 Books CS/IT JRU Library